Europe Chain Game Quiz Stats

 Plays Quiz not verified by Sporcle

Support Sporcle.
Go Orange.
Score 0/20 Timer 04:00
0 Plays Today
Question Answer % Correct
????
100%
????
98.9%
????
98.4%
????
95.4%
????
93%
????
87.7%
????
87.1%
????
75.4%
????
73.1%
????
70.5%
Question Answer % Correct
????
64.7%
????
60.3%
????
45.1%
????
42.9%
????
40.5%
????
38.1%
????
22.8%
????
12.6%
????
10.9%
????
9.4%

You're not logged in!

Compare scores with friends on all Sporcle quizzes.
OR
Log In

From the Vault

MLB: More Saves Than Hits Allowed

by lkalliance

There are some records that only a pitcher can hold.
Remove Ads.
Support Sporcle.
Get the best of Sporcle when you Go Orange. This ad-free experience offers more features, more stats, and more fun while also helping to support Sporcle. Thank you for becoming a member.

Show Comments

Extras

Top Quizzes Today


Score Distribution

Your Account Isn't Verified!

In order to create a playlist on Sporcle, you need to verify the email address you used during registration. Go to your Sporcle Settings to finish the process.

Report this User

Report this user for behavior that violates our Community Guidelines.

Details: